Mechanics of materials: solutions manual. (4th ed.) (Record no. 82845)

MARC details
000 -LEADER
fixed length control field 00804nam a2200205 a 4500
008 - FIXED-LENGTH DATA ELEMENTS--GENERAL INFORMATION
fixed length control field 120416s1999 ||||||||||||||||| || u
020 ## - INTERNATIONAL STANDARD BOOK NUMBER
International Standard Book Number 0748740090
050 ## - LIBRARY OF CONGRESS CALL NUMBER
Classification number TA 405 Ger
100 ## - MAIN ENTRY--PERSONAL NAME
Personal name Gere, James M
245 10 - TITLE STATEMENT
Title Mechanics of materials: solutions manual. (4th ed.)
250 ## - EDITION STATEMENT
Edition statement 4th ed.
260 ## - PUBLICATION, DISTRIBUTION, ETC.
Place of publication, distribution, etc. Cheltenham:
Name of publisher, distributor, etc. Stanley Thornes
Date of publication, distribution, etc. 1999
300 ## - PHYSICAL DESCRIPTION
Extent Irregular pages : ill.
350 ## -
-- 0.00
650 ## - SUBJECT ADDED ENTRY--TOPICAL TERM
Topical term or geographic name entry element BUILDING MATERIALS
650 ## - SUBJECT ADDED ENTRY--TOPICAL TERM
Topical term or geographic name entry element MECHANICS
650 #0 - SUBJECT ADDED ENTRY--TOPICAL TERM
Topical term or geographic name entry element STRENGTH OF MATERIALS
995 ## -
-- BINDERY (DAMAGED)
-- 0.00
-- 38270
-- CBU-MAIN LIBRARY (Kitwe)
-- 2
-- 37.95
-- TA 405 Ger
-- DAMAGED
-- 38270
-- Main Library Open Access Collection
995 ## -
-- MAIN LIBRARY OPEN ACCESS
-- 0.00
-- 731943
-- CBU-MAIN LIBRARY (Kitwe)
-- 1
-- 37.95
-- TA 405 GER
-- 1
-- AVAILABLE
-- 029206
-- Main Library Open Access Collection
999 ## -
-- 82845
-- 82845
Holdings
Withdrawn status Lost status Source of classification or shelving scheme Damaged status Not for loan Permanent Location Current Location Shelving location Date acquired Total Checkouts Full call number Barcode Date last seen Copy number Price effective from Koha item type Total Renewals Date last checked out
          CBU-MAIN LIBRARY, KITWE. CBU-MAIN LIBRARY, KITWE.   09/29/2023   TA 405 Ger 38270 09/29/2023 1 09/29/2023 MONOGRAPH    
          CBU-MAIN LIBRARY, KITWE. CBU-MAIN LIBRARY, KITWE.   09/29/2023 1 TA 405 Ger 029206 03/07/2024 2 09/29/2023 MONOGRAPH 2 02/09/2024